Gemeinden im Landkreis Heidenheim - Statistiken

Allgemein
  • Dieses Quiz wurde 87 mal gespielt
  • Das Durchschnittsergebnis liegt bei 7 aus 11
Antwortstatistiken
% Korrekt
Heidenheim an der Brenz
92%
Giengen an der Brenz
82%
Königsbronn
77%
Herbrechtingen
72%
Steinheim am Albuch
72%
Gerstetten
67%
Nattheim
67%
Sontheim an der Brenz
62%
Hermaringen
51%
Niederstotzingen
51%
Dischingen
46%
Keine übereinstimmenden Quizze gefunden
Verteilung der Resultate
Anzahl Personen mit jedem Resultat
Perzentil nach korrekt beantworteten Fragen
Ihre Resultats-Entwicklung
Sie haben dieses Quiz noch nicht gespielt